Welcome to CU Library Online Public Access Catalogue (OPAC)

The Textbook of Blood Bank and Transfusion Medicine/ (Record no. 4286)

MARC details
000 -LEADER
fixed length control field 00435nam a22001457a 4500
005 - DATE AND TIME OF LATEST TRANSACTION
control field 20250225092223.0
008 - FIXED-LENGTH DATA ELEMENTS--GENERAL INFORMATION
fixed length control field 250225b |||||||| |||| 00| 0 eng d
020 ## - INTERNATIONAL STANDARD BOOK NUMBER
International Standard Book Number 8171797199
050 ## - LIBRARY OF CONGRESS CALL NUMBER
Classification number RM172 GUP
100 ## - MAIN ENTRY--PERSONAL NAME
Personal name Gupte, Satish
245 ## - TITLE STATEMENT
Title The Textbook of Blood Bank and Transfusion Medicine/
Statement of responsibility, etc. Satish Gupte
260 ## - PUBLICATION, DISTRIBUTION, ETC.
Place of publication, distribution, etc. New Delhi
Name of publisher, distributor, etc. Jaypee Brothers Medical Publishers
Date of publication, distribution, etc. 2006
300 ## - PHYSICAL DESCRIPTION
Extent xiv. 198p.
Other physical details ill.
Dimensions 21cm
942 ## - ADDED ENTRY ELEMENTS (KOHA)
Source of classification or shelving scheme Library of Congress Classification
Koha item type Books
Suppress in OPAC No
999 ## -
-- 4286
-- 4286
Holdings
Withdrawn status Lost status Source of classification or shelving scheme Damaged status Not for loan Collection Home library Current library Shelving location Date acquired Total checkouts Full call number Barcode Date last seen Copy number Price effective from Koha item type
    Library of Congress Classification     Non-fiction Science Library (Miotso) Science Library (Miotso) General stacks 02/25/2025   RM172 GUP SLM00004016 02/25/2025 1 02/25/2025 Books
    Library of Congress Classification     Non-fiction Science Library (Miotso) Science Library (Miotso) General stacks 02/25/2025   RM172 GUP SLM00004017 02/25/2025 2 02/25/2025 Books
    Library of Congress Classification     Non-fiction Science Library (Miotso) Science Library (Miotso) General stacks 02/25/2025   RM172 GUP SLM00004018 02/25/2025 3 02/25/2025 Books
© 2023-2024 Copyright: Central University Libraries. All Rights Reserved | Created by: Mahone Tech Office